[Event "Budapest FS12 FM"]
[Site "Budapest"]
[Date "2017.12.10"]
[Round "8"]
[White "Nittel, Christian"]
[Black "Eperjesi, Laszlo"]
[Result "0-1"]
[WhiteElo "1986"]
[BlackElo "2089"]
[PlyCount "44"]
[EventDate "2017.12.02"]
[EventType "tourn"]
[EventRounds "10"]
[EventCountry "HUN"]
[SourceTitle "CBM 182 Extra"]
[Source "ChessBase"]
[SourceDate "2018.02.23"]
[SourceVersion "1"]
[SourceVersionDate "2018.02.23"]
[SourceQuality "1"]

1. d4 Nf6 2. Nf3 e6 3. e3 b6 4. b3 Bb7 5. Bd3 c5 6. Bb2 Be7 7. 0-0 0-0 8. Nbd2 cxd4 9. exd4 d5 10. Ne5 Nc6 11. a3 Rc8 12. Qe2 Nxe5 13. dxe5 Nd7 14. f4 g6 15. f5 exf5 16. Bxf5 gxf5 17. Rxf5 Rxc2 18. e6 Rxb2 19. exd7 Qxd7 20. Raf1 f6 21. b4 Kh8 22. Qd3 Ba6 0-1

[Event "Budapest FS12 FM"]
[Site "Budapest"]
[Date "2017.12.08"]
[Round "6"]
[White "Nittel, Christian"]
[Black "Vanya, Janos"]
[Result "1/2-1/2"]
[WhiteElo "1986"]
[BlackElo "1897"]
[PlyCount "103"]
[EventDate "2017.12.02"]
[EventType "tourn"]
[EventRounds "10"]
[EventCountry "HUN"]
[SourceTitle "CBM 182 Extra"]
[Source "ChessBase"]
[SourceDate "2018.02.23"]
[SourceVersion "1"]
[SourceVersionDate "2018.02.23"]
[SourceQuality "1"]

1. d4 Nf6 2. Nf3 e6 3. e3 b6 4. b3 Bb7 5. Bb2 Be7 6. Bd3 0-0 7. Nbd2 d5 8. 0-0 Nbd7 9. Ne5 c5 10. f4 Ne4 11. Nxe4 dxe4 12. Bc4 Nf6 13. Qe2 a6 14. a4 Nd5 15. f5 Bg5 16. Bxd5 exd5 17. Rae1 Rc8 18. g3 cxd4 19. Bxd4 Bf6 20. Rc1 Bxe5 21. Bxe5 f6 22. Bd4 Rc6 23. c3 Qd6 24. Qb2 Rfc8 25. Kg2 a5 26. Rf2 Ba6 27. g4 Bd3 28. Rd2 Qd7 29. Rf2 h5 30. h3 h4 31. Rf4 Kf7 32. Qf2 Rh8 33. Qb2 Qd6 34. Kh1 b5 35. axb5 Bxb5 36. Rg1 Qe7 37. Qg2 Rcc8 38. g5 fxg5 39. Qxg5 Qxg5 40. Rxg5 Rh7 41. f6 g6 42. Rxd5 Rh5 43. Rxh5 gxh5 44. Rf5 Be2 45. Rxa5 Rg8 46. Ra7+ Ke6 47. Rg7 Rxg7 48. fxg7 Kf7 49. Kg1 Bd1 50. b4 Be2 51. Kf2 Bc4 52. Kg2 1/2-1/2

[Event "Budapest FS12 FM"]
[Site "Budapest"]
[Date "2017.12.06"]
[Round "5"]
[White "Nittel, Christian"]
[Black "Takacs, Zsolt"]
[Result "0-1"]
[WhiteElo "1986"]
[BlackElo "1798"]
[PlyCount "73"]
[EventDate "2017.12.02"]
[EventType "tourn"]
[EventRounds "10"]
[EventCountry "HUN"]
[SourceTitle "CBM 182 Extra"]
[Source "ChessBase"]
[SourceDate "2018.02.23"]
[SourceVersion "1"]
[SourceVersionDate "2018.02.23"]
[SourceQuality "1"]

1. d4 Nf6 2. Nf3 g6 3. g3 d5 4. Bg2 Bg7 5. 0-0 0-0 6. c4 dxc4 7. Ne5 c6 8. Nxc4 Be6 9. Ne5 Nbd7 10. Nd3 Qb6 11. Qa4 Bf5 12. Rd1 Ne4 13. e3 e5 14. Nc3 Nxc3 15. bxc3 e4 16. Nf4 Rfe8 17. Ba3 Qc7 18. Rab1 Bg4 19. Rd2 b5 20. Qb3 Nb6 21. Bc5 Nc4 22. Rc2 g5 23. Ne2 Be6 24. Bxe4 Nxe3 25. Qb2 Nxc2 26. Qxc2 f5 27. Bg2 Bc4 28. Bf1 Qf7 29. a3 Re6 30. Qd2 h6 31. f4 Rae8 32. Re1 gxf4 33. gxf4 Qg6+ 34. Kf2 Qg4 35. Bxa7 Qh4+ 36. Kg1 Rg6+ 37. Ng3 0-1

[Event "Budapest FS12 FM"]
[Site "Budapest"]
[Date "2017.12.04"]
[Round "3"]
[White "Eperjesi, Laszlo"]
[Black "Nittel, Christian"]
[Result "1/2-1/2"]
[WhiteElo "2089"]
[BlackElo "1986"]
[PlyCount "60"]
[EventDate "2017.12.02"]
[EventType "tourn"]
[EventRounds "10"]
[EventCountry "HUN"]
[SourceTitle "CBM 182 Extra"]
[Source "ChessBase"]
[SourceDate "2018.02.23"]
[SourceVersion "1"]
[SourceVersionDate "2018.02.23"]
[SourceQuality "1"]

1. Nf3 Nf6 2. d4 d5 3. c4 c6 4. Qc2 e6 5. g3 Ne4 6. Bg2 f5 7. 0-0 Be7 8. Nbd2 0-0 9. Ne5 Nd7 10. Nxe4 fxe4 11. f3 Nxe5 12. dxe5 Qb6+ 13. Kh1 exf3 14. exf3 Bd7 15. b3 d4 16. Bb2 c5 17. f4 Bc6 18. Rad1 a5 19. a4 g6 20. Rd3 Qc7 21. Bc1 Rf7 22. Qe2 Kg7 23. Bd2 b6 24. Bxc6 Qxc6+ 25. Qg2 Qxg2+ 26. Kxg2 Raf8 27. Rdf3 Bd8 28. g4 Bc7 29. Rh3 Kg8 30. Rhf3 Kg7 1/2-1/2

[Event "GER OS-258 email"]
[Site "GER email"]
[Date "2015.01.09"]
[Round "?"]
[White "Nittel, Christian"]
[Black "Schulz, Peter"]
[Result "1-0"]
[WhiteElo "1717"]
[BlackElo "1277"]
[PlyCount "51"]
[EventDate "2015.01.16"]
[EventType "tourn (corr)"]
[EventRounds "6"]
[EventCountry "GER"]
[SourceTitle "Corr 2020"]
[Source "ChessBase"]
[SourceDate "2019.09.30"]
[SourceVersion "1"]
[SourceVersionDate "2019.09.30"]
[SourceQuality "1"]

1. d4 d5 2. Nf3 Bg4 3. c4 c6 4. Ne5 Be6 5. cxd5 Bxd5 6. e4 Be6 7. d5 cxd5 8. Bb5+ Nd7 9. exd5 Bf5 10. Qf3 f6 11. Bxd7+ Bxd7 12. Qh5+ g6 13. Nxg6 Bg4 14. Qxg4 hxg6 15. Qxg6+ Kd7 16. 0-0 Qc7 17. h3 Rd8 18. Qf5+ Ke8 19. Bf4 Qb6 20. Qg6+ Kd7 21. Rc1 Rc8 22. Qf5+ e6 23. dxe6+ Kd8 24. Rxc8+ Ke7 25. Qd5 Qxe6 26. Rc7+ 1-0

[Event "GER OS-257 email"]
[Site "GER email"]
[Date "2015.01.04"]
[Round "?"]
[White "Schulz, Rene"]
[Black "Nittel, Christian"]
[Result "1-0"]
[WhiteElo "1884"]
[BlackElo "1727"]
[PlyCount "89"]
[EventDate "2015.01.12"]
[EventType "tourn (corr)"]
[EventRounds "6"]
[EventCountry "GER"]
[SourceTitle "Corr 2020"]
[Source "ChessBase"]
[SourceDate "2019.09.30"]
[SourceVersion "1"]
[SourceVersionDate "2019.09.30"]
[SourceQuality "1"]

1. e4 c6 2. d4 d5 3. Nc3 dxe4 4. Nxe4 Nd7 5. Nf3 Ngf6 6. Ng3 e6 7. Bd3 c5 8. 0-0 cxd4 9. Nxd4 Bc5 10. Nb3 Be7 11. Re1 0-0 12. Qf3 a5 13. a4 Nd5 14. Nf5 Bf6 15. Nh6+ Kh8 16. c3 Qc7 17. Qh3 g6 18. Ng4 Bg7 19. Bh6 N7f6 20. Bxg7+ Kxg7 21. Qh6+ Kg8 22. Ne5 Nd7 23. Nf3 N7f6 24. Ng5 Rd8 25. Nd2 Qe7 26. Nc4 Qf8 27. Qh4 h6 28. Ne4 Nxe4 29. Bxe4 g5 30. Qg3 Qc5 31. b3 Nf4 32. h4 Kg7 33. Re3 f6 34. Qf3 Rb8 35. g3 Nh3+ 36. Kh2 f5 37. Bc2 g4 38. Qe2 b6 39. Rf1 Rd5 40. f3 h5 41. fxg4 hxg4 42. Be4 Rd8 43. Bg2 Rf8 44. Re5 Qc7 45. Bd5 1-0